| 000 | 01329nac a2200277 a 4500 | ||
|---|---|---|---|
| 003 | CO-PeBPM | ||
| 005 | 20260404215610.0 | ||
| 007 | ta | ||
| 008 | 260404s2013 ck a|||| |||| 00| 0 spa d | ||
| 020 | _a9786071613868 | ||
| 040 |
_aCO-PeBPM _bspa _cCO-PeBPM _erda |
||
| 041 | _aspa | ||
| 082 | 0 | 4 |
_a(i) 833 M578m _222 |
| 245 | 1 | 0 |
_aMartín y la llegada de la primavera _c/ Sebastian Meschenmoser ; traducción Udo Araiza |
| 264 |
_aMéxico _b: Fondo de Cultura Económica _c, 2013 |
||
| 300 |
_a[64] páginas _bilustraciones a color _c21 centimetros |
||
| 336 |
_2rdacontent _atexto _btxt |
||
| 337 |
_2rdamedia _asin mediación _bn |
||
| 338 |
_2rdacarrier _avolumen _bnc |
||
| 490 | _aColección Los Especiales de A la Orilla del Viento | ||
| 520 | _aUn buen día, al despertar, Martín notó que a su alrededor todo había cambia-do. El mundo estaba lleno de color, de nuevos aromas, de un nuevo ritmo. "¿Qué estará pasando?", se preguntó.-¡Llegó la primavera! -exclamó Bruno-. Es tiempo de tirarse al sol, de correr por el bosque, de comer y comer…Pero había alguien en el bosque que no se sentía así…tomado de la página https://bit.ly/2Q7sWpn | ||
| 650 | 1 | 7 |
_aLiteratura infantil alemana _2LEMB |
| 650 | 1 | 7 |
_aCuentos infantiles alemanes _2LEMB |
| 700 | 1 |
_aAraiza, Udo _etraducción |
|
| 942 |
_2ddc _n0 _cLITA |
||
| 999 |
_c107292 _d107292 |
||